Indian polity and governance: For civil services and state service examinations (Record no. 394460)

MARC details
000 -LEADER
fixed length control field 00572 a2200205 4500
005 - DATE & TIME
control field 20260408113753.0
008 - FIXED-LENGTH DATA ELEMENTS--GENERAL INFORMATION
fixed length control field 260408b |||||||| |||| 00| 0 eng d
020 ## - ISBN
International Standard Book Number 9788198751201
Price Rs. 895.00
040 ## - CATALOGING SOURCE
Original cataloging agency VIVEKANANDA LIBRARY
082 ## - DDC NUMBER
Classification number 320.954
Book Number S23I(2)
100 ## - MAIN ENTRY--PERSONAL NAME
Personal name Sharma, Nirbhay
245 ## - TITLE STATEMENT
Title Indian polity and governance: For civil services and state service examinations
250 ## - EDITION STATEMENT
Edition statement 2nd
260 ## - PUBLICATION, DISTRIBUTION, ETC. (IMPRINT)
Name of publisher, distributor, etc OakBridge Publishing
Date of publication, distribution, etc 2025
Place of publication, distribution, etc Gurugram
300 ## - PHYSICAL DESCRIPTION
Pages v.
650 ## - Subject
Subject Political Science
650 ## - Subject
Subject Indian Polity
650 ## - Subject
Subject Governance- India
942 ## - ADDED ENTRY ELEMENTS (KOHA)
Koha item type Books
Holdings
Withdrawn status Lost status Source of classification or shelving scheme Damaged status Not for loan Location (home branch) Sublocation or collection (holding branch) Shelving location Date acquired Koha issues (times borrowed) Koha full call number Accession No. Koha date last seen Koha item type
    Dewey Decimal Classification     VIVEKANANDA LIBRARY VIVEKANANDA LIBRARY Vivekananda Library 27/01/2026   320.954 S23I(2) 444896 27/01/2026 Books
© Designed and Maintained by Vivekananda Library, MDU Rohtak